Statistiques concernant Drapeaux des pays commençant par R

Cliquez ici pour prendre le quiz!

Statistiques générales

  • Ce quiz a été pris 135 fois
  • Le résultat moyen est 8 sur 9

Statistiques - réponses

Réponse% Correct
République démocratique du {Congo}
100%
Royaume-Uni
100%
Roumanie
99%
Russie
99%
République {Tchèque}
94%
République {Dominicaine}
86%
Rwanda
82%
République du {Congo}
76%
République {Centrafricaine}
63%

Distribution des résultats

Percentile par nombre de réponses

% des personnes avec chaque résultat

Votre développement - résultats

Vous n’avez pas pris ce quiz